|
|
|
|
| LEADER |
00000nam a22000007a 4500 |
| 005 |
20210804215234.0 |
| 007 |
cr|||| |||| |
| 008 |
210804s2011 ca |||||s|||| 00||0 eng d |
| 020 |
|
|
|a 9781552212325
|
| 035 |
|
|
|a 34875
|
| 040 |
|
|
|a vLex
|
| 090 |
|
|
|c 11901
|d 11901
|
| 100 |
1 |
|
|a Bisgould, Lesli
|
| 245 |
1 |
0 |
|a Animals and the Law
|h [Recurso electrn̤ico] /
|c Lesli Bisgould
|
| 256 |
|
|
|a Servicio en ln̕ea
|
| 260 |
|
|
|a Toronto:
|b Irwin Law Inc.,
|c 2011
|
| 300 |
|
|
|a 1 recurso electrn̤ico
|
| 500 |
|
|
|a Animals and the Law examines the unique role that animals play as living property in a legal system conceived by and for human beings. On the one hand, animals are things that we buy, eat, and use in experiments. On the other, they are beloved family companions. The book traces the history of laws dealing with animals, from the animal trials which began in the thirteenth century in Europe, through the development of anti-cruelty laws, to the present struggle to cope with the conflicting implications of biotechnology and other industrial uses for animals, and, indeed, artificially created living things. Throughout, the book critically evaluates the present legal status of animals and asks us to consider whether animals should be viewed as objects, as legal subjects, as legal persons, or as something else entirely.
|
| 506 |
1 |
|
|a Disponible solo en los productos indicados
|d vLex Global
|d vLex Global (Academic Edition, excluding Law Schools)
|d vLex Global (U.S. Academic Edition, Law Schools)
|d vLex Global (U.S. Academic Edition, excluding Law Schools)
|d vLex Global (Academic Edition, Law Schools)
|
| 650 |
0 |
4 |
|a Derecho Civil
|z Canad̀
|
| 650 |
0 |
4 |
|a Derecho Pb︢lico y Administrativo
|z Canad̀
|
| 740 |
0 |
|
|a vLex Libros (Servicio en ln̕ea)
|
| 856 |
4 |
0 |
|u https://app.vlex.com/#/sources/34875
|z Acceso restringido
|
| 942 |
|
|
|c BOOK
|
| 999 |
0 |
|
|a Civil Law
|
| 999 |
0 |
|
|a Public and Administrative Law
|